00442nam a2200109Ia 4500008004100000050002300041100002400064245010700088260008600195300002800281521002300309140724s9999 xx 000 0 und d aP 93.5b.L788 2012 aLiyama, Marjorie S. aPinoy wellness, an internet show on the health consciousness of Filipino people /cMarjorie S. Liyama. aLas Piñas, Philippines :bSouthville International School and Colleges,cc2012. a50 p. :bill. ;c28 cm. aMass Communication